000 01166nam0a22002891 4500
001 rc\4313255
005 20130416130744.1
021 _aRU
_bРг4851-59
035 _a(NLR Aleph) 008261344
090 _a8398982
_c8398982
100 _a20130416d1959 |||y0rusy50 ca
101 0 _arus
102 _aRU
105 _aa z |||||
200 1 _aАвтомобили МАЗ-200, МАЗ-205 и МАЗ-200В
_eРуководство по уходу и эксплуатации
_fСовет нар. хозяйства Белорус. ССР. Гос. Минск. автомобильный завод
210 _aМинск
_cБ. и.
_d1959
215 _a186 с., 2 л. черт.
_cил.
_d21
300 _aНа обороте тит. л. сост.: Войнич Л.К., Горелик З.М., Журавлев В.Н. [и др.]
702 1 _aГорелик
_bЗ. М.
_4220
702 1 _aЖуравлев
_bВ. Н.
_4220
702 1 _aВойнич
_bЛ. К.
_4220
712 0 2 _aМинский автомобильный завод
_3RU\NLR\AUTH\8810069769
801 0 _aRU
_bNLR
_gpsbo
801 1 _aRU
_bELAR
_2rusmarc
852 _aNLR
_j59-5/3147
942 _cBOOK
980 _aNB